01000nam a22002657a 45000010005000000030006000050050017000110080041000280200018000690400029000870500012001160820016001281000016001442450101001602600045002613000044003065050008003505200236003585210021005945210019006156500027006346500023006616500025006847000025007095251FISKH20241210142038.0241121b cb ||||| |||| 00| 0 eng d a9780141315188 aFISKHbengcFISKHdFISKH aD810.J4 a949.2071092 aFrank, Anne aThe diary of a young girl /cEdited by Otto H. Frank and Mirjam Pressler The Dedinitive edition  aLondon : bPenguin Group ;c1991, 2002 . a340 pages : billustrations ;c20 cm .  aZ  aThe journal of a Jewish girl in her early teens describes both the joys and torments of daily life, as well as typical adolescent thoughts, throughout two years spent in hiding with her family during the Nazi occupation of Holland.8 a1080 bLexile 8 aZ bLexile  aHolocaustvnon-fiction adiaryvnon-fiction ahistoryvnon-fiction aFrank, Ottoeeditor